000 00842nam a2200289 a 4500
003 MX-MxUPN
005 20240925064500.0
008 200129s1987 mx rb 000 0 spa d
020 _a968436489x
035 _aUPN01000235196
040 _aMX-MxUPN
_bspa
_cMX-MxUPN
041 0 _aspa
050 1 4 _aHQ756
_bC37 1987
100 1 _aCasanueva de Cervera, María Antonieta
_947056
100 1 _aJean de Penella, Bertha
_947057
245 1 0 _aConceptos fundamentales en educación para padres
250 _aPrimera edición.
260 _aMéxico, D.F. :
_bProgreso,
_c1987.
300 _a165 páginas
504 _aIncluye referencias bibliográficas.
650 7 _aPadres
_2
_947055
650 4 _aMatrimonio
_95341
650 4 _aPadres e hijos
_91360
902 _aVíctor Ruiz/071022
942 _2lcc
_cLIBRO
999 _c207291
_d207291